Hawa

Bibliographic Details
Format: Book
Published: Kuala Lumpur : DBP , 1991
Subjects:

MARC

LEADER 00000cam a2200000 7i4500
001 0000006861
002 000007393
005 20000330.0
020 |a 9836222227 
090 0 0 |a F   |b HAW 
245 1 0 |a Hawa   |c diselenggarakan oleh Zaharah Ibrahim 
260 |a Kuala Lumpur :   |b DBP ,   |c 1991 
300 |a 250 p. ;   |c 18 cm. 
650 0 0 |a Malay fiction 
999 |a 051424   |b BUKU   |c PINJAMAN   |e PERPUSTAKAAN KOMUNITI PETALING JAYA 
999 |a 051425   |b BUKU   |c PINJAMAN   |e PERPUSTAKAAN KOMUNITI PETALING JAYA 
999 |a 051426   |b BUKU   |c PINJAMAN   |e PERPUSTAKAAN KOMUNITI PETALING JAYA 
999 |a 055326   |b BUKU   |c FICTION   |e PERPUSTAKAAN KOMUNITI CAW KOTA DAMANSARA